| 000 | 01933cam a22003611i 4500 | ||
|---|---|---|---|
| 003 | SA-RiAUC | ||
| 005 | 20250407071708.0 | ||
| 008 | 250407m19751977ua g b f001 0 ara c | ||
| 020 | _a9772014211/T.2 | ||
| 040 |
_aLB-BrLEU _bara _cSA-RiAUC. _erda |
||
| 082 | 0 | 4 |
_a016.34 _qSA-RiAUC |
| 090 |
_a016.34 _b م ص ر |
||
| 110 | 1 |
_aمصر. _bالمجلس الأعلى لرعاية الفنون والآداب والعلوم الاجتماعية _eمؤلف. |
|
| 245 | 1 | 0 |
_aببليوجرافيا القانون والعلوم السياسية من 1875 إلى 1970 / _cالمجلس الأعلى لرعاية الفنون والآداب والعلوم الاجتماعية ؛ تقديم عز الدين عبد الله. |
| 246 | 3 | _aببليوجرافية القانون والعلوم السياسية من 1875 إلى 1970 | |
| 264 | 1 |
_aالقاهرة : _bالهيئة المصرية العامة للكتاب، _c1975-1977 |
|
| 300 |
_a2 مجلد ؛ _c24 سم. |
||
| 336 |
_aنص _btxt _2rdacontent _3كتاب |
||
| 337 |
_aبدون وسيط _bn _2rdamedia |
||
| 338 |
_aمجلد _bnc _2rdacarrier |
||
| 490 | 1 | _aالمكتبة العربية | |
| 500 | _aكشاف المؤلف : صفحة 389-425. | ||
| 500 | _aكشاف المؤلف خاص بملحق الببليوجرافية : صفحة 427-432. | ||
| 500 | _aكشاف هجائي للمحتويات الموضوعية : مجلد 1، صفحة 11-12. | ||
| 500 | _aكشاف المؤلف : مجلد 2، صفحة 341-519. | ||
| 505 | 0 | _aالمحتويات : مجلد 1. المؤلفات- مجلد 2. البحوث. | |
| 650 | 7 |
_aالقانون _vببليوجرافيات _2aucsh |
|
| 650 | 7 |
_aالسياسة _vببليوجرافيات _2aucsh |
|
| 700 | 1 |
_aعبد الله، عز الدين _eمقدم. |
|
| 830 | 2 | _aالمكتبة العربية (الهيئة المصرية العامة للكتاب) | |
| 942 |
_2ddc _cBOOK _n0 |
||
| 949 |
_aSA-JeALM _d250407 _ueid123 _n1 |
||
| 999 |
_c6724 _d6724 |
||